Biblioteca y Centro de Documentación

B-Learning utilizando software libre, una alternativa viable en educación superior (Registro nro. 37455)

Detalles MARC
000 -CABECERA
Longitud fija campo de control 01133naa a2200301 c 4500
001 - NÚMERO DE CONTROL
Número de control 37455
003 - IDENTIFICADOR DE NÚMERO DE CONTROL
Identificador del número de control ES-MaCES
005 - FECHA Y HORA DE LA ÚLTIMA TRANSACCIÓN
Fecha y hora de la última transacción 20061214133200.0
008 - CAMPO FIJO DE DESCRIPCIÓN FIJA--INFORMACIÓN GENERAL
Códigos de información de longitud fija   061214n2006 sp t ||0 | spa d
035 ## - NÚMERO DE CONTROL DEL SISTEMA
Número de control del sistema CES20060017299v
040 ## - FUENTE DE CATALOGACIÓN
Centro catalogador de origen ES-MaCES
Lengua de catalogación spa
Centro transcriptor ES-MaCES
100 1# - ENCABEZAMIENTO PRINCIPAL--NOMBRE PERSONAL
Nombre de persona González Mariño, Julio César
9 (RLIN) 13846
245 10 - MENCIÓN DE TÍTULO
Título B-Learning utilizando software libre, una alternativa viable en educación superior
Mención de responsabilidad, etc. Julio César González Mariño
500 ## - NOTA GENERAL
Nota general Resumen en español e inglés
504 ## - NOTA DE BIBLIOGRAFÍA, ETC.
Nota de bibliografía, etc. Bibliografía: p. 132-133
650 #4 - ASIENTO SECUNDARIO DE MATERIA--TÉRMINO DE MATERIA
Término de materia o nombre geográfico como elemento inicial tecnología de la información
9 (RLIN) 30104
650 #4 - ASIENTO SECUNDARIO DE MATERIA--TÉRMINO DE MATERIA
Término de materia o nombre geográfico como elemento inicial libre comercio
9 (RLIN) 28005
650 #4 - ASIENTO SECUNDARIO DE MATERIA--TÉRMINO DE MATERIA
Término de materia o nombre geográfico como elemento inicial programa de computación
9 (RLIN) 29402
650 #4 - ASIENTO SECUNDARIO DE MATERIA--TÉRMINO DE MATERIA
Término de materia o nombre geográfico como elemento inicial informática
9 (RLIN) 28873
650 #4 - ASIENTO SECUNDARIO DE MATERIA--TÉRMINO DE MATERIA
Término de materia o nombre geográfico como elemento inicial formación del personal docente
9 (RLIN) 27461
650 #4 - ASIENTO SECUNDARIO DE MATERIA--TÉRMINO DE MATERIA
Término de materia o nombre geográfico como elemento inicial formación profesional permanente
9 (RLIN) 29931
650 #4 - ASIENTO SECUNDARIO DE MATERIA--TÉRMINO DE MATERIA
Término de materia o nombre geográfico como elemento inicial educación
9 (RLIN) 27367
653 10 - TÉRMINO DE INDEXACIÓN--NO CONTROLADO
Término no controlado Nuevas tecnologías
773 0# - ENTRADA DE DOCUMENTO FUENTE
Título Revista Complutense de educación
Parte(s) relacionada(s) vol. 17, n. 1 (2006){10621 R. 066317}; p. 121-133
Número de control del registro relacionado (ES-MaCES)25626
Itemnumber del ítem fuente 66321
902 ## - CES. TIPO DE DOCUMENTO
Tipodoc (006$c Sirtex) ART Artículo de revista
942 ## - ELEMENTOS KOHA
Fuente de clasificaión o esquema Clasificación propia del CES
Koha [por defecto] tipo de item Artículos (1982-2017)
Parte de clasificación 7.2.

No hay ítems disponibles.

© CES, Consejo Económico y Social de España 2021